000 00698nam a2200265Ia 4500
005 20260121170939.0
008 008 260114s9999 xx 000 0 eng d
020 _a9789811330445
037 _aEBOOK
040 _aCRL
040 _beng
040 _cCRL
041 _2eng
041 _aeng
084 _qCRL
100 _aYuqing Sun, Tun Lu, Xiaolan Xie, Liping Gao, Hongfei Fan
_91070139
245 0 _aComputer Supported Cooperative Work and Social Computing
260 _bSpringer
260 _bSpringer
260 _c2019
856 _uhttps://link.springer.com/openurl?genre=book&isbn=978-981-13-3044-5
942 _cEBOOK
999 _c1635869
_d1635869